000 00627nam a2200181Ia 4500
008 090124s9999 xx 000 0 und d
082 _b26695
100 _aगोडबोले अरुण
245 _a अजिंक्यतारा ते आल्प्स
250 _a1
260 _bकौशिक एम. के.
_c1988
300 _a316
600 _aगोडबोले अरुण
630 _a अजिंक्यतारा ते आल्प्स
700 _aगोडबोले अरुण
730 _a अजिंक्यतारा ते आल्प्स
942 _cBOOK
999 _c94257
_d94257